00539 2200205 4500001002100000005001500021035002000036007000300056008004100059020002200100082001000122084001600132100001900148245003700167260004300204300004200247650001300289600001100302990002000313INLIS00000000000300120260512082849 a0010-0526000092ta260512 g 0 ind  a978-623-346-952-4 a923.1 a923.1 HAS m1 aHasan, Mohamad1 aMenjaga Jokowi Menjaga Nusantara aJakarta :bPenerbit Buku Kompas,c2023 axx + 300 hlm. :bilus. ;c15 x 23 cm. 4aBiografi 4aJokowi a20260518.07.010